000 00639nam a2200241Ia 4500
005 20260121111838.0
008 1291 260114s9999 xx 000 0 eng d
020 _a9789812772695
037 _aEBOOK
040 _aCRL
_beng
_cCRL
041 _aeng
_2eng
084 _qCRL
100 _aAhmed Nasiruddin
_9948205
245 0 _aDynamic Systems and Control with Applications
260 _bWorld Scientific
260 _bWSPC
260 _c2006
650 _aMathematics
_9948206
856 _uhttps://www.worldscientific.com/worldscibooks/10.1142/6262#t=toc
942 _cEBOOK
999 _c1538591
_d1538591